00533nam a22001571a 4500003000600000005001700006008004100023020001500064100001800079245012600097260002600223300001400249500005000263650002400313650003800337NEGST20170412020002.0030712s1998 001 0 eng d a02810513991 aMoule, C.F.D.10aForgiveness and reconciliation and other New Testament themes :bbiblical and theological essays /cC.F.D. Moule.h[Text] aLondonbS.P.C.Kc1998 axi, 242p. aIncludes biliographical references and index. 0aForgiveness of sin. 0aJesus ChristxPerson and offices.